MARC

Tag First Indicator Second Indicator Subfields
LEADER 00000cam a2200000 i 4500
001 in00005716638
005 20260319180135.8
006 m o d
007 cr |n|||||||||
008 181117s2019 nyu ob 000 0 eng d
040 |a YDX  |b eng  |e rda  |e pn  |c YDX  |d INA  |d STBDS  |d OCLCO  |d YOU  |d OCLCQ  |d OCLCF  |d YDXIT  |d N$T  |d YDX  |d OCLCQ  |d OCLCO  |d OCLCQ  |d OCLCO  |d OCLCQ  |d NVS  |d MVS  |d OCLCQ  |d OCLCO  |d OCLCL 
020 |a 9780190910846  |q (electronic book) 
020 |a 0190910844  |q (electronic book) 
020 |a 9780190910839  |q (electronic bk.) 
020 |a 0190910836  |q (electronic bk.) 
020 |z 9780199980963  |q (hardcover) 
020 |z 0199980969  |q (hardcover) 
020 |z 0199980977  |q (paperback) 
020 |z 9780199980970  |q (paperback) 
035 |a (OCoLC)1063763434 
043 |a f------  |a a------  |a e-ie---  |a u-at---  |a u-nz---  |a n-cn--- 
050 4 |a PN56.M54  |b M614 2019EB 
072 7 |a BIO  |x 007000  |2 bisacsh 
082 0 4 |a 809/.9112  |2 23 
049 |a TXAM 
245 0 0 |a Modernism, postcolonialism, and globalism :  |b Anglophone literature, 1950 to the present /  |c edited by Richard Begam and Michael Valdez Moses. 
246 3 |a Anglophone literature, 1950 to the present 
264 1 |a New York, Ny :  |b Oxford University Press,  |c 2019. 
300 |a 1 online resource 
336 |a text  |b txt  |2 rdacontent 
337 |a computer  |b c  |2 rdamedia 
338 |a online resource  |b cr  |2 rdacarrier 
504 |a Includes bibliographical references. 
520 |a Africa -- Asia -- The Caribbean -- Ireland -- Australia/New Zealand -- Canada. 
520 |a "As England withdrew from its empire after World War II, how did writers living outside the United Kingdom respond to the history of colonialism and the aesthetics of modernism within a global context? In fourteen original essays, a group of distinguished scholars considers these questions in relation to novelists, playwrights and poets living in English-speaking countries around the world. The Introduction not only examines how modernism and postcolonialism evolved over roughly two generations, but also situates the writers analyzed in terms of the canonical realignments inspired by the New Modernist Studies and an array of emerging methodologies and approaches. While this volume highlights social and political questions connected with the end of empire, it also considers the aesthetics of postcolonialism, detailing how writers drew upon, responded to and, sometimes reacted against, the formal innovations of modernism. Many of the essays consider the influence modernist artists and movements exercised on postcolonial writers, from Yeats, Conrad, Kafka, Proust, Joyce, Eliot and Woolf to Impressionism, Expressionism, Surrealism, Dadaism and Abstraction. The volume is organized around six geographic locales and includes essays on Africa (Chinua Achebe, Ngũgĩ wa Thiong'o, Nadine Gordimer, J.M. Coetzee), Asia (Salman Rushdie, Arundhati Roy), the Caribbean (Jean Rhys, Derek Walcott, V.S. Naipaul), Ireland (Samuel Beckett, Seamus Heaney), Australia/New Zealand (David Malouf, Keri Hulme) and Canada (Michael Ondaatje). Among the topics considered are the narrative construction of time and space, the engagement with realism and the handling of aesthetic autonomy, globalization and cultural hybridity." 
588 0 |a Online resource; title from digital title page (viewed on January 14, 2019). 
650 0 |a Modernism (Literature)  |x History and criticism. 
650 0 |a Modernism (Literature)  |z Africa. 
650 0 |a Modernism (Literature)  |z Asia. 
650 0 |a Modernism (Literature)  |z Caribbean Area. 
650 0 |a Modernism (Literature)  |z Ireland. 
650 0 |a Modernism (Literature)  |z Australia. 
650 0 |a Modernism (Literature)  |z New Zealand. 
650 0 |a Modernism (Literature)  |z Canada. 
650 0 |a Postcolonialism in literature. 
650 0 |a Literature and globalization. 
650 6 |a Modernisme (Littérature)  |x Histoire et critique. 
650 6 |a Modernisme (Littérature)  |z Afrique. 
650 6 |a Modernisme (Littérature)  |z Asie. 
650 6 |a Modernisme (Littérature)  |z Irlande. 
650 6 |a Modernisme (Littérature)  |z Australie. 
650 6 |a Modernisme (Littérature)  |z Nouvelle-Zélande. 
650 6 |a Modernisme (Littérature)  |z Canada. 
650 6 |a Postcolonialisme dans la littérature. 
650 6 |a Littérature et mondialisation. 
650 6 |a Modernisme (Littérature)  |z Caraïbes (Région) 
650 7 |a BIOGRAPHY & AUTOBIOGRAPHY  |x Literary.  |2 bisacsh 
650 7 |a Literature and globalization  |2 fast 
650 7 |a Modernism (Literature)  |2 fast 
650 7 |a Postcolonialism in literature  |2 fast 
651 7 |a Africa  |2 fast  |1 https://id.oclc.org/worldcat/entity/E39PBJkHrMyfHC67yqRTycbrv3 
651 7 |a Asia  |2 fast  |1 https://id.oclc.org/worldcat/entity/E39PBJxMpyjKQ9Jtm3jkjPBgKd 
651 7 |a Australia  |2 fast  |1 https://id.oclc.org/worldcat/entity/E39QbtfRv8PPH7gCqhkJ8DK8bM 
651 7 |a Canada  |2 fast  |1 https://id.oclc.org/worldcat/entity/E39PBJkMHVW4rfVXPrhVP4VwG3 
651 7 |a Ireland  |2 fast  |1 https://id.oclc.org/worldcat/entity/E39PBJqvXDFC7pX6tHkq6DX68C 
651 7 |a New Zealand  |2 fast  |1 https://id.oclc.org/worldcat/entity/E39QbtfRmXBg7mpKX7p4DJ8Kqp 
655 7 |a Electronic books.  |2 local 
655 7 |a Criticism, interpretation, etc.  |2 fast 
700 1 |a Begam, Richard,  |d 1950-  |1 https://id.oclc.org/worldcat/entity/E39PCjHFckJQTR44bcGVxxXBGd 
700 1 |a Moses, Michael Valdez,  |d 1957-  |1 https://id.oclc.org/worldcat/entity/E39PCjDMPmt6QtJdD86tWQtJwy 
758 |i has work:  |a Modernism, postcolonialism, and globalism (Text)  |1 https://id.oclc.org/worldcat/entity/E39PCGKB9tF69wkpxPWHTWRvQC  |4 https://id.oclc.org/worldcat/ontology/hasWork 
776 0 8 |i Print version:  |t Modernism, postcolonialism, and globalism.  |d New York Oxford University Press 2018  |z 0199980977  |z 9780199980970  |w (OCoLC)1050569311 
856 4 0 |u http://proxy.library.tamu.edu/login?url=https://academic.oup.com/book/11141  |z Connect to the full text of this electronic book  |t 0 
955 |a Oxford Scholarship Online 
994 |a 92  |b TXA 
999 f f |i ea9c1f20-45b2-4af9-b40a-28e05445f7fb  |s ae325884-245d-4f09-b546-de58d01d355e  |t 0 
952 f f |a Texas A&M University  |b College Station  |c Electronic Resources  |s www_evans  |d Available Online  |t 0  |e PN56.M54 M614 2019EB  |h Library of Congress classification 
998 f f |a PN56.M54 M614 2019EB  |t 0  |l Available Online